[Event "Pardubice Czech op2"]
[Site "Pardubice"]
[Date "2007.07.14"]
[Round "5"]
[White "Kostelny, Jozef"]
[Black "Smistik, Milan"]
[Result "1/2-1/2"]
[WhiteElo "2154"]
[BlackElo "2341"]
[PlyCount "124"]
[EventDate "2007.07.12"]
[EventType "swiss"]
[EventRounds "7"]
[EventCountry "CZE"]
[SourceTitle "EXT 2008"]
[Source "ChessBase"]
[SourceDate "2007.11.25"]
[SourceVersion "1"]
[SourceVersionDate "2007.11.25"]
[SourceQuality "1"]

1. d4 d5 2. c4 c6 3. Nc3 Nf6 4. Nf3 a6 5. e3 b5 6. c5 Bg4 7. Qb3 Bxf3 8. gxf3 e5 9. a4 Nbd7 10. Bh3 g6 11. 0-0 Bg7 12. Ne2 0-0 13. Qc2 h5 14. b4 Nh7 15. Bb2 Ng5 16. Bg2 h4 17. f4 exf4 18. Nxf4 Qf6 19. f3 Rae8 20. Rae1 Re7 21. a5 Rfe8 22. Bc1 Nf8 23. Qf2 Nfe6 24. Nd3 Qf5 25. Ne5 h3 26. Bh1 Nd8 27. Qh4 Bf6 28. Qg3 Nge6 29. f4 Ng7 30. e4 dxe4 31. Bxe4 Qh5 32. Qf3 Qh4 33. Re3 Nge6 34. Bb2 g5 35. Qg3 Qh8 36. fxg5 Nxg5 37. Ref3 Qg7 38. Bf5 Nxf3+ 39. Rxf3 Rxe5 40. dxe5 Bxe5 41. Bxe5 Rxe5 42. Qxg7+ Kxg7 43. Bxh3 Re4 44. Rd3 Ne6 45. Rd6 Nf4 46. Bc8 Rxb4 47. Rxc6 Rc4 48. Bxa6 Rc1+ 49. Kf2 b4 50. Rb6 Nd5 51. Rb8 Rxc5 52. Bb7 Nc7 53. a6 b3 54. a7 Rc2+ 55. Kg3 b2 56. a8Q Rc3+ 57. Kg4 f5+ 58. Kh5 Nxa8 59. Bxa8 Rc8 60. Rxb2 Rxa8 61. Kg5 Rf8 62. Rb3 Rf6 1/2-1/2

[Event "Brno op-A"]
[Site "Brno"]
[Date "2007.07.05"]
[Round "5"]
[White "Jurka, Miroslav"]
[Black "Smistik, Milan"]
[Result "1/2-1/2"]
[WhiteElo "2321"]
[BlackElo "2341"]
[PlyCount "40"]
[EventDate "2007.07.01"]
[EventType "swiss"]
[EventRounds "9"]
[EventCountry "CZE"]
[SourceTitle "CBM 119 Extra"]
[Source "ChessBase"]
[SourceDate "2007.09.04"]
[SourceVersion "1"]
[SourceVersionDate "2007.09.04"]
[SourceQuality "1"]

1. Nf3 Nf6 2. c4 g6 3. g3 Bg7 4. Bg2 0-0 5. d4 d5 6. 0-0 Nc6 7. Nbd2 Ne4 8. cxd5 Nxd2 9. Bxd2 Qxd5 10. Bc3 Qd6 11. e3 Rd8 12. Qe2 Nb4 13. Rfd1 Nd5 14. Bd2 c6 15. e4 Nb6 16. Bf4 Qb4 17. a3 Qb3 18. h3 Be6 19. Rac1 Na4 20. Rd2 h6 1/2-1/2